Science Quiz

Random Science Quiz

Air Force Museum (image) Quiz Stats

 Plays Quiz not verified by Sporcle

Challenge
Share
Tweet
Score 0/40 Timer 07:00
0 Plays Today
Craft % Correct
Shuttle Trainer
60.2%
Lockheed YF-12
55.5%
F-16 Vista
41.9%
Lockheed C-130
35.3%
Boeing C-137 Stratoliner
21.3%
Bell X-1B
21.2%
XB-70 Valkyrie
15.3%
Lockheed Constellation
12.8%
North American X-15
12.3%
C-119
11.8%
Lockheed C-141
10.9%
X-3 Stiletto
10.4%
Bell X-5
10.2%
Northrup X-4 Bantam
9.5%
Grumman X-29
8.2%
North American X-10
8.1%
YF-23 Black Widow
8.1%
Titan IV
7.2%
X-24B
6.9%
Lockheed Jetstar
6.6%
Craft % Correct
Lockheed Shooting Star
6.4%
Lockheed Shooting Star
5.5%
Douglas C-54 Skymaster
5.2%
Fisher P-75 Eagle
5.1%
Bell Sioux
4.8%
Lockheed VC-118
4.7%
Aero Commander U-4B
4.3%
Republic F-84
4.3%
Northrup Tacit Blue
4.2%
North American Sabreliner
4.1%
Beechcraft King Air
4.1%
North American F-107
4.1%
Fairchild C-82 Packet
4%
Lockheed DarkStar
3.8%
Bell P-59
3.4%
XF 91 Thunderceptor
3.4%
Convair XF-92
3.3%
Avrocar
3.2%
LTV XC-142
3%
C-131 Samaritan
2.9%

You're not logged in!

Compare scores with friends on all Sporcle quizzes.
Join for Free
OR
Log In

You Might Also Like...

Show Comments

Extras

Editor's Pick May 13, 2015SourceReportNominate
Tags:air, aircraft, Air Force, craft, diagram, force, map, museum

Top Quizzes Today


Score Distribution

Your Account Isn't Verified!

In order to create a playlist on Sporcle, you need to verify the email address you used during registration. Go to your Sporcle Settings to finish the process.

Report this User

Report this user for behavior that violates our Community Guidelines.

Details: